La música popular de Filipinas / (Record no. 167847)

MARC details
000 -LEADER
campo de control de longitud fija 01047nam a22002415i 4500
001 - NÚMERO DE CONTROL
campo de control 167847
003 - IDENTIFICADOR DE NÚMERO DE CONTROL
campo de control ES-MaACL
005 - FECHA Y HORA DE LA ÚLTIMA TRANSACCIÓN
campo de control 20250718081235.0
008 - DATOS DE LONGITUD FIJA--INFORMACIÓN GENERAL
campo de control de longitud fija 981125s1892 sp ag |||| | spa d
040 ## - FUENTE DE CATALOGACIÓN
Centro catalogador/agencia de origen CCPB | B
Lengua de catalogación spa
Centro/agencia transcriptor CCPB | B
080 ## - NÚMERO DE LA CLASIFICACIÓN DECIMAL UNIVERSAL
Número de la Clasificación Decimal Universal 78
100 1# - ENTRADA PRINCIPAL--NOMBRE DE PERSONA
Nombre de persona Walls y Merino, Manuel.
9 (RLIN) 115977
245 13 - MENCIÓN DEL TÍTULO
Título La música popular de Filipinas /
Mención de responsabilidad, etc. por M. Walls y Merino ; con un preludio de Antonio Peña y Goñi.
260 ## - PUBLICACIÓN, DISTRIBUCIÓN, ETC.
Lugar de publicación, distribución, etc. Madrid :
Nombre del editor, distribuidor, etc. Librería de Fernando Fé,
Fecha de publicación, distribución, etc. 1892 (
Fabricante Imp. de M. G. Hernández)
300 ## - DESCRIPCIÓN FÍSICA
Extensión 46 p. :
Otras características físicas mús. ;
Dimensiones 24 cm.
530 ## - NOTA DISPONIBLE DE FORMULARIO FÍSICO ADICIONAL
Nota de formato físico adicional disponible Disponible también en sitio web.
599 ## - NOTA A LAS ILUSTRACIONES
NOTA A LAS ILUSTRACIONES Notaciones musicales intercaladas en el texto.
650 #4 - PUNTO DE ACCESO ADICIONAL DE MATERIA--TÉRMINO DE MATERIA
Término de materia o nombre geográfico como elemento de entrada Música popular-
Subdivisión geográfica Filipinas.
9 (RLIN) 136572
700 1# - ENTRADA AGREGADA--NOMBRE PERSONAL
Nombre de persona Peña y Goñi, Antonio,
Fechas asociadas al nombre 1846-1896
9 (RLIN) 90290
852 ## - LOCALIZACIÓN
Ubicación ES-MaACL
Número de control de estantería T-704-F-8
Nota libre -- Enc. hol., conservando la enc. original
-- -- Enc. en un vol. facticio
856 ## - LOCALIZACIÓN Y ACCESO ELECTRÓNICOS
Identificador Uniforme de Recursos <a href="http://bibliotecadigitalhispanica.bne.es:80/webclient/DeliveryManager?pid=2166937&custom_att_2=simple_viewer">http://bibliotecadigitalhispanica.bne.es:80/webclient/DeliveryManager?pid=2166937&custom_att_2=simple_viewer</a>
Nota pública Ir a la página
Holdings
Estatus retirado Estado de pérdida Estado de daño No para préstamo Colección Biblioteca de origen Biblioteca actual Ubicación en estantería Fecha de adquisición Total de préstamos Signatura topográfica completa Código de barras Visto por última vez Precio de reemplazo Tipo de ítem Koha
        Colección de folletos Biblioteca del Ateneo de Madrid Biblioteca del Ateneo de Madrid Depósito folletos 17/01/2008   T-704-F-8 1176092 23/02/2023 23/02/2023 Folleto